Fixed income analysis / (Record no. 22575)
[ view plain ]
| 000 -LEADER | |
|---|---|
| fixed length control field | 01410cam a22003375a 4500 |
| 001 - CONTROL NUMBER | |
| control field | 016956013 |
| 003 - CONTROL NUMBER IDENTIFIER | |
| control field | OSt |
| 005 - DATE AND TIME OF LATEST TRANSACTION | |
| control field | 20161015122851.0 |
| 008 - FIXED-LENGTH DATA ELEMENTS--GENERAL INFORMATION | |
| fixed length control field | 141117t2015 nju fr 000 0 eng d |
| 020 ## - INTERNATIONAL STANDARD BOOK NUMBER | |
| Cancelled/invalid ISBN | 9781118999509 (pbk.) |
| 020 ## - INTERNATIONAL STANDARD BOOK NUMBER | |
| Cancelled/invalid ISBN | 9781118999493 (hpk.) |
| 040 ## - CATALOGING SOURCE | |
| Original cataloging agency | StDuBDS |
| Language of cataloging | eng |
| Transcribing agency | StDuBDS |
| Modifying agency | EG-ScBUE |
| 082 04 - DEWEY DECIMAL CLASSIFICATION NUMBER | |
| Classification number | 332.632044 |
| Item number | PIN |
| Edition number | 22 |
| 100 1# - MAIN ENTRY--PERSONAL NAME | |
| Personal name | Pinto, Jerald E. |
| 245 10 - TITLE STATEMENT | |
| Title | Fixed income analysis / |
| Statement of responsibility, etc | Jerald E. Pinto, Barbara Petitt, Wendy L. Pirie. |
| 246 33 - VARYING FORM OF TITLE | |
| Title proper/short title | Fixed income analysis : workbook |
| 250 ## - EDITION STATEMENT | |
| Edition statement | 3rd ed. |
| 260 ## - PUBLICATION, DISTRIBUTION, ETC. (IMPRINT) | |
| Place of publication, distribution, etc | Hoboken : |
| Name of publisher, distributor, etc | John Wiley & Sons, |
| Date of publication, distribution, etc | c.2015. |
| 300 ## - PHYSICAL DESCRIPTION | |
| Extent | 2 v. : |
| Other physical details | ill. ; |
| Dimensions | 24 cm. |
| 490 0# - Series Statement | |
| Series statement | CFA Institute investment series |
| 500 ## - GENERAL NOTE | |
| General note | Previous edition: published as by Frank J. Fabozzi. 2007. |
| 520 ## - SUMMARY, ETC. | |
| Summary, etc | The essential guide to fixed income portfolio management, from the experts at CFA Fixed Income Analysis is a new edition of Frank Fabozzi's Fixed Income Analysis, Second Edition that provides authoritative and up-to-date coverage of how investment professionals analyze and manage fixed income portfolios. |
| 650 #0 - SUBJECT ADDED ENTRY--TOPICAL TERM | |
| Topical term or geographic name as entry element | Fixed-income securities |
| Form subdivision | Problems, exercises, etc. |
| Source of heading or term | BUEsh |
| 651 ## - SUBJECT ADDED ENTRY--GEOGRAPHIC NAME | |
| Source of heading or term | BUEsh |
| 653 ## - INDEX TERM--UNCONTROLLED | |
| Resource For college | BAEPS, Business Administration |
| Arrived date list | October2016 |
| 700 1# - ADDED ENTRY--PERSONAL NAME | |
| Personal name | Petitt, Barbara S. Pécherot. |
| 700 1# - ADDED ENTRY--PERSONAL NAME | |
| Personal name | Pirie, Wendy L. |
| 700 1# - ADDED ENTRY--PERSONAL NAME | |
| Personal name | Fabozzi, Frank J. |
| Title of a work | Fixed income analysis workbook. |
| 776 08 - ADDITIONAL PHYSICAL FORM ENTRY | |
| Display text | Print version |
| International Standard Book Number | 9781118999509 |
| 942 ## - ADDED ENTRY ELEMENTS (KOHA) | |
| Source of classification or shelving scheme | Dewey Decimal Classification |
| Withdrawn status | Item status | Source of classification or shelving scheme | Damaged status | Not for loan | Vendor | Home library | Current library | Shelving location | Date acquired | Source of acquisition | Cost, normal purchase price | Serial Enumeration / chronology | Total Checkouts | Full call number | Barcode | Date last seen | Cost, replacement price | Koha item type | Public note |
|---|---|---|---|---|---|---|---|---|---|---|---|---|---|---|---|---|---|---|---|
| Dewey Decimal Classification | Academic Bookshop | Central Library | Central Library | First floor | 15/10/2016 | Purchase | 1066.00 | 9154 | 332.632044 PIN | 000034076 | 15/07/2025 | 1332.00 | Book - Borrowing | Workbook | |||||
| Dewey Decimal Classification | Academic Bookshop | Central Library | Central Library | First floor | 15/10/2016 | Purchase | 1066.00 | 9154 | 332.632044 PIN | 000034074 | 15/07/2025 | 1332.00 | Book - Borrowing |